[Event "Cto. Espana Selecciones Autonomicas"]
[Site "Padron"]
[Date "2006.10.07"]
[Round "5.3"]
[White "Ceballos Hornero, Daniel"]
[Black "Gallardo Garcia, Andres"]
[Result "0-1"]
[WhiteElo "2178"]
[BlackElo "2314"]
[PlyCount "89"]
[EventDate "2006.10.??"]

1. c4 e5 2. Nc3 Nf6 3. Nf3 Nc6 4. e3 d6 5. d4 g6 6. a3 a5 7. b3 Bg7 8. Bb2 O-O
9. Be2 e4 10. Nd2 Re8 11. Qc2 Bf5 12. Qd1 h5 13. h3 Qd7 14. Na4 h4 15. Bc3 Nd8
16. b4 axb4 17. axb4 Ne6 18. Nb1 d5 19. c5 Qe7 20. b5 Nh7 21. b6 c6 22. Ra3 Qg5
23. Bf1 Qh6 24. Be2 g5 25. Nd2 Bg6 26. Nf1 f5 27. Qa1 Bh5 28. Nb2 Rab8 29. Nd1
Bxe2 30. Kxe2 f4 31. Ke1 Rf8 32. Qa2 Nf6 33. Qe2 Qg6 34. Nh2 Qf7 35. Qa2 Qg6
36. Qe2 Qf5 37. Ra7 f3 38. Qf1 Qg6 39. g4 Qf7 40. Kd2 Ra8 41. Ba5 Nd7 42. Nc3
Qf6 43. Na4 Qd8 44. Qb1 Rxa7 45. Bb4 0-1

[Event "Cto. Espana Selecciones Autonomicas"]
[Site "Padron"]
[Date "2006.10.07"]
[Round "5.3"]
[White "Alonso Fernandez, Marcos"]
[Black "Angulo Martinez, Jon"]
[Result "1/2-1/2"]
[WhiteElo "2311"]
[BlackElo "2114"]
[PlyCount "93"]
[EventDate "2006.10.??"]

1. d4 Nf6 2. c4 c5 3. d5 e5 4. Nc3 d6 5. g3 Be7 6. Bg2 O-O 7. e4 Nbd7 8. Nge2
Ne8 9. O-O a6 10. a4 g6 11. f4 Ng7 12. b3 f5 13. Bb2 exf4 14. gxf4 fxe4 15.
Nxe4 Nf6 16. N2g3 Nxe4 17. Nxe4 Bf5 18. Qe1 Bxe4 19. Bxg7 Kxg7 20. Qxe4 Bf6 21.
Rae1 Bh4 22. Re2 Re8 23. Qf3 Rxe2 24. Qxe2 Qe7 25. Qxe7+ Bxe7 26. Re1 Kf7 27.
Bh3 Rb8 28. Kg2 b5 29. cxb5 axb5 30. a5 Ra8 31. Ra1 Bf6 32. Ra2 c4 33. b4 Bc3
34. Bd7 Bxb4 35. a6 c3 36. Bxb5 Ra7 37. Kf3 Re7 38. Bc6 Bc5 39. Re2 Rxe2 40.
Kxe2 Kf6 41. Kd3 Kf5 42. Kxc3 Kxf4 43. Kc4 Ke5 44. Kb5 g5 45. Bb7 h5 46. Kc6 g4
47. Bc8 1/2-1/2

[Event "Cto. Espana Selecciones Autonomicas"]
[Site "Padron"]
[Date "2006.10.07"]
[Round "5.3"]
[White "Gonzalez Merino, Alberto"]
[Black "Lopez del Alamo, Antonio"]
[Result "1/2-1/2"]
[WhiteElo "2058"]
[BlackElo "2301"]
[PlyCount "142"]
[EventDate "2006.10.??"]

1. d4 d5 2. c4 e6 3. Nc3 c5 4. cxd5 cxd4 5. Qxd4 Nc6 6. Qd1 exd5 7. e3 Nf6 8.
Nf3 Bd6 9. Bd3 O-O 10. O-O a6 11. h3 Bc7 12. Ne2 Qd6 13. Ned4 Ne4 14. Nxc6 Qxc6
15. Qc2 f5 16. Qxc6 bxc6 17. b3 Bd6 18. Bb2 Re8 19. Rac1 c5 20. Rfd1 Bb7 21.
Nd2 Nxd2 22. Rxd2 f4 23. e4 f3 24. Rdd1 c4 25. bxc4 dxe4 26. Bxe4 Rxe4 27. Rxd6
fxg2 28. Rd7 Bc6 29. Rc7 Re6 30. Rxg7+ Kf8 31. Rxh7 Re2 32. Bd4 Rd2 33. Be3
Rxa2 34. Rh6 Bb7 35. Rb1 Be4 36. f3 Bxb1 37. Rh8+ Kf7 38. Rxa8 Ra3 39. Bc5 Ra4
40. Bf2 Bd3 41. c5 Bf1 42. c6 Rc4 43. Rxa6 Rc3 44. Ra7+ Ke6 45. c7 Kd7 46. Bb6
Rc1 47. Kh2 g1=Q+ 48. Bxg1 Rc2+ 49. Kh1 Bg2+ 50. Kh2 Bf1+ 51. Kh1 Bg2+ 52. Kh2
Bf1+ 53. Kg3 Rg2+ 54. Kf4 Rxg1 55. Ra1 Kxc7 56. Ke3 Kd6 57. Kf2 Rh1 58. Rxf1
Rxh3 59. Re1 Rh5 60. f4 Rh6 61. Kf3 Re6 62. Ra1 Ke7 63. Kg4 Kf6 64. Rh1 Kf7 65.
Rh7+ Kg8 66. Ra7 Rb6 67. Kg5 Kf8 68. f5 Kg8 69. Rc7 Kf8 70. Rd7 Ra6 71. f6 Ra1
1/2-1/2

[Event "Cto. Espana Selecciones Autonomicas"]
[Site "Padron"]
[Date "2006.10.07"]
[Round "5.3"]
[White "Arribas Lopez, Angel"]
[Black "Iglesias Gascon, Albanta"]
[Result "1-0"]
[WhiteElo "2199"]
[BlackElo "2013"]
[PlyCount "53"]
[EventDate "2006.10.??"]

1. e4 e6 2. d4 d5 3. e5 c5 4. Qg4 Nc6 5. Nf3 cxd4 6. Bd3 Qc7 7. Qg3 Nb4 8. O-O
Nxc2 9. Bxc2 Qxc2 10. Nxd4 Qa4 11. Be3 a6 12. Nc3 Qd7 13. b3 b5 14. Rac1 Ne7
15. a4 b4 16. Nce2 Bb7 17. f4 Nf5 18. Nxf5 exf5 19. Bb6 Qe6 20. a5 Rc8 21.
Rxc8+ Bxc8 22. Rc1 Bd7 23. Nd4 Qg6 24. Qf3 Be6 25. Qd3 Be7 26. Nc6 Bd7 27. Qxa6
1-0

[Event "Cto. Espana Selecciones Autonomicas"]
[Site "Padron"]
[Date "2006.10.07"]
[Round "5.3"]
[White "Arce Calva, Elvira"]
[Black "Castejon Caballero, Natalia"]
[Result "1-0"]
[WhiteElo "1756"]
[BlackElo "2063"]
[PlyCount "57"]
[EventDate "2006.10.??"]

1. e4 c5 2. Nc3 Nc6 3. Nge2 g6 4. d4 cxd4 5. Nxd4 Bg7 6. Be3 d6 7. f3 Nf6 8.
Qd2 O-O 9. g4 Be6 10. O-O-O Rc8 11. h4 Ne5 12. h5 Bc4 13. hxg6 fxg6 14. Bh6
Bxh6 15. Qxh6 Nf7 16. Qd2 Qa5 17. Bxc4 Rxc4 18. f4 Rfc8 19. Rh3 e5 20. Nde2 b5
21. fxe5 dxe5 22. Rf1 Nxg4 23. Qd5 R4c7 24. Qe6 Ngh6 25. Rxh6 Qb6 26. Qxb6 axb6
27. Rh2 b4 28. Nd5 Nd6 29. Nxc7 1-0

[Event "Cto. Espana Selecciones Autonomicas"]
[Site "Padron"]
[Date "2006.10.07"]
[Round "5.4"]
[White "Alonso Arburu, Juan Ignacio"]
[Black "Fernandez Garcia, Jose Luis"]
[Result "0-1"]
[WhiteElo "2357"]
[BlackElo "2470"]
[PlyCount "128"]
[EventDate "2006.10.??"]

1. c4 e5 2. Nc3 Nf6 3. g3 d5 4. cxd5 Nxd5 5. Bg2 Nb6 6. Nf3 Nc6 7. O-O Be7 8.
d3 O-O 9. a3 Be6 10. b4 Nd4 11. Bb2 Nxf3+ 12. Bxf3 c6 13. Ne4 Nd7 14. Bg2 Bd5
15. Nc3 Bxg2 16. Kxg2 a5 17. b5 cxb5 18. Nxb5 a4 19. Nc3 Nc5 20. Kg1 Qd7 21.
Rb1 Ra6 22. Bc1 Nb3 23. Be3 b5 24. Rxb3 axb3 25. Qxb3 Rxa3 26. Qxb5 Qxb5 27.
Nxb5 Ra5 28. Nc3 Rc8 29. Bb6 Ra3 30. Nd5 Bf8 31. Rd1 Rc2 32. e4 Raa2 33. Be3
Bc5 34. Rb1 h6 35. Nb4 Bxe3 36. Nxc2 Bxf2+ 37. Kxf2 Rxc2+ 38. Kf3 Rxh2 39. d4
exd4 40. Rd1 Rh5 41. Rxd4 Re5 42. Rd8+ Kh7 43. Kf4 f6 44. Rd7 Kg6 45. Ra7 h5
46. Rb7 Kh6 47. Rb8 g5+ 48. Kf3 Ra5 49. Rb3 Kg6 50. Rc3 Ra2 51. g4 h4 52. e5
Ra5 53. exf6 Ra4 54. f7 Rf4+ 55. Kg2 Rxg4+ 56. Kh3 Rf4 57. Rc6+ Kxf7 58. Ra6
Kg7 59. Rb6 Ra4 60. Rc6 Rb4 61. Ra6 Rc4 62. Rb6 Ra4 63. Rc6 Ra3+ 64. Kh2 Rf3
0-1

[Event "Cto. Espana Selecciones Autonomicas"]
[Site "Padron"]
[Date "2006.10.07"]
[Round "5.4"]
[White "Villavicencio Martinez, Adalberto"]
[Black "Ceballos Hornero, Daniel"]
[Result "1-0"]
[WhiteElo "2404"]
[BlackElo "2263"]
[PlyCount "159"]
[EventDate "2006.10.??"]

1. d4 e6 2. c4 f5 3. g3 Nf6 4. Bg2 Bb4+ 5. Nd2 O-O 6. Ngf3 d5 7. O-O b6 8. Ne5
Bb7 9. Qc2 Nbd7 10. Nd3 Be7 11. Nf4 Kf7 12. cxd5 Nxd5 13. Nxd5 Bxd5 14. Bxd5
exd5 15. Qxf5+ Nf6 16. Nf3 Qc8 17. Ne5+ Kg8 18. Nc6 Bd6 19. Qxc8 Rfxc8 20. Bf4
Bxf4 21. gxf4 Kf8 22. Rac1 Re8 23. Rc2 Re6 24. Rfc1 a5 25. a4 Ne8 26. e3 Rf6
27. Kh1 Kf7 28. b3 Kf8 29. Ne5 Rd8 30. Kg2 Rdd6 31. h4 Rd8 32. Rb1 Rh6 33. Kh3
Rhd6 34. Nc6 Ra8 35. Rbc1 Rf6 36. Rg1 Kf7 37. Rg5 Rd6 38. Rf5+ Nf6 39. Ne5+ Ke6
40. Rg5 Ne8 41. Nf3 Kf6 42. Rg1 Ke7 43. Ng5 h6 44. Nf3 Rc8 45. Ne5 Rf6 46. Rgc1
Kd6 47. Nc6 Ra8 48. Ne5 Rc8 49. Nd3 Ke7 50. b4 Ra8 51. b5 Rd8 52. Ne5 Kf8 53.
h5 Rdd6 54. Rxc7 Nxc7 55. Rxc7 Kg8 56. Nd7 Rfe6 57. Rc8+ Kf7 58. Ne5+ Ke7 59.
Rg8 Rf6 60. Rxg7+ Ke6 61. Kg4 Rf5 62. Rh7 Rf6 63. Rb7 Rf8 64. Rh7 Rf6 65. Ng6
Rd8 66. Re7+ Kd6 67. Rb7 Ke6 68. Rxb6+ Kf7 69. Rb7+ Kg8 70. Rc7 Re8 71. Ne7+
Kf8 72. Nxd5 Rd6 73. Nc3 Re7 74. Rc8+ Kg7 75. d5 Rdd7 76. Rc6 Kh7 77. e4 Rg7+
78. Kf3 Rg1 79. d6 Rb1 80. Nxb1 1-0

[Event "Cto. Espana Selecciones Autonomicas"]
[Site "Padron"]
[Date "2006.10.07"]
[Round "5.4"]
[White "Galzagorri Uli, Yeray"]
[Black "Ortega Hermida, Daniel"]
[Result "1/2-1/2"]
[WhiteElo "2227"]
[BlackElo "2380"]
[PlyCount "40"]
[EventDate "2006.10.??"]

1. e4 c5 2. Nc3 e6 3. Nge2 Nc6 4. g3 a6 5. Bg2 Nge7 6. O-O Ng6 7. d3 Be7 8. h4
O-O 9. h5 Nh8 10. Be3 f6 11. d4 cxd4 12. Nxd4 Nf7 13. f4 Qc7 14. Qf3 Nxd4 15.
Bxd4 Bc5 16. Qf2 Bxd4 17. Qxd4 b5 18. Rf2 Rb8 19. a4 b4 20. Nd1 a5 1/2-1/2

[Event "Cto. Espana Selecciones Autonomicas"]
[Site "Padron"]
[Date "2006.10.07"]
[Round "5.4"]
[White "Brito Garcia, Alfredo"]
[Black "Martin Echeandia, Ibon"]
[Result "1/2-1/2"]
[WhiteElo "2364"]
[BlackElo "2232"]
[PlyCount "137"]
[EventDate "2006.10.??"]

1. Nf3 f5 2. c4 Nf6 3. g3 g6 4. Bg2 Bg7 5. O-O O-O 6. d3 d6 7. Nc3 Nc6 8. Rb1
e5 9. b4 h6 10. Ne1 Nh5 11. Bd2 f4 12. Nd5 Nd4 13. Nc2 Ne6 14. e3 c6 15. Nc3
Ng5 16. exf4 exf4 17. Ne4 Nh3+ 18. Kh1 d5 19. cxd5 cxd5 20. Nc5 fxg3 21. fxg3
Nf2+ 22. Rxf2 Rxf2 23. Be3 Rf8 24. Nd4 Re8 25. Qd2 b6 26. Ncb3 Kh7 27. Rf1 Bb7
28. Kg1 Qe7 29. Bf2 Rad8 30. a3 Nf6 31. h3 Ba8 32. Nb5 Bc6 33. Nc3 Ba8 34. Nd4
Rc8 35. Nce2 Qe5 36. Nf4 Nh5 37. Nxh5 Qxh5 38. Nf3 Qf5 39. g4 Qe6 40. Nd4 Qe5
41. Bf3 Re7 42. Kg2 Rce8 43. Rc1 Qf6 44. b5 Qd6 45. a4 Bxd4 46. Bxd4 Rf7 47.
Rf1 Ref8 48. Rf2 Qf4 49. Qb2 h5 50. gxh5 Qg5+ 51. Kh1 Rxf3 52. hxg6+ Kg8 53.
Qe2 Qc1+ 54. Kh2 Qf4+ 55. Kg2 Qg3+ 56. Kf1 Rxf2+ 57. Bxf2 Rxf2+ 58. Qxf2 Qxf2+
59. Kxf2 Kg7 60. Ke3 Kxg6 61. Kd4 Kf5 62. h4 Kg4 63. Ke5 d4 64. Kxd4 Kxh4 65.
Ke5 Bf3 66. Kd6 Bd1 67. Kc7 Bxa4 68. Kb7 Bxb5 69. Kxa7 1/2-1/2

[Event "Cto. Espana Selecciones Autonomicas"]
[Site "Padron"]
[Date "2006.10.07"]
[Round "5.4"]
[White "Angulo Martinez, Jon"]
[Black "Vega Gutierrez, Sabrina"]
[Result "0-1"]
[WhiteElo "2133"]
[BlackElo "2299"]
[PlyCount "52"]
[EventDate "2006.10.??"]

1. e4 c5 2. Nf3 Nc6 3. d4 cxd4 4. Nxd4 Nf6 5. Nc3 e5 6. Ndb5 d6 7. Nd5 Nxd5 8.
exd5 Nb8 9. c4 Be7 10. Bd3 O-O 11. O-O a6 12. Nc3 f5 13. f3 Nd7 14. Kh1 Bg5 15.
f4 Bxf4 16. Bxf4 exf4 17. Rxf4 Qg5 18. g3 Ne5 19. Qc2 Bd7 20. Raf1 g6 21. Ne2
Ng4 22. Qd2 Qh5 23. Nd4 Rae8 24. b3 Re7 25. Bc2 Rfe8 26. Bd1 Re2 0-1

[Event "Cto. Espana Selecciones Autonomicas"]
[Site "Padron"]
[Date "2006.10.07"]
[Round "5.4"]
[White "Hernandez Leon, Alberto"]
[Black "Camara Gil, Paula"]
[Result "1-0"]
[WhiteElo "2179"]
[BlackElo "1894"]
[PlyCount "69"]
[EventDate "2006.10.??"]

1. e4 c5 2. Nf3 e6 3. d4 cxd4 4. Nxd4 Nf6 5. Nc3 Nc6 6. Ndb5 Bb4 7. a3 Bxc3+ 8.
Nxc3 O-O 9. Bd3 d5 10. exd5 Nxd5 11. Nxd5 Qxd5 12. O-O Rd8 13. Be3 b6 14. Qe2
Bb7 15. Rad1 Qe5 16. c3 Qf6 17. Qh5 h6 18. Rfe1 Rd5 19. Qe2 Qh4 20. Ba6 Bxa6
21. Qxa6 Rh5 22. h3 Ne5 23. Qe2 Rf5 24. Rd4 Qf6 25. Red1 Qg6 26. f4 Nc6 27. Qf3
Rc8 28. Rd6 Na5 29. Qe4 Qg3 30. Rxe6 g6 31. Re8+ Rxe8 32. Qxe8+ Kh7 33. Rd8
Qe1+ 34. Kh2 Kg7 35. Qh8# 1-0

[Event "Cto. Espana Selecciones Autonomicas"]
[Site "Padron"]
[Date "2006.10.07"]
[Round "5.5"]
[White "Abuin Boullon, Manuel Angel"]
[Black "Gonzalez Menendez, Ivan"]
[Result "1/2-1/2"]
[WhiteElo "2144"]
[BlackElo "2420"]
[PlyCount "80"]
[EventDate "2006.10.??"]

1. e4 e6 2. d4 d5 3. Nd2 Be7 4. exd5 exd5 5. Bd3 Nf6 6. Ne2 O-O 7. O-O c5 8.
dxc5 Bxc5 9. Nb3 Bb6 10. Bg5 Nc6 11. Nf4 h6 12. Bxf6 Qxf6 13. Nxd5 Qxb2 14. Rb1
Qe5 15. Re1 Qg5 16. Nxb6 axb6 17. Qd2 Qf6 18. Qe3 Nb4 19. Be4 Bf5 20. Nd2 Nxc2
21. Bxc2 Bxc2 22. Rxb6 Qf5 23. Rxb7 Rxa2 24. Nf3 Qd5 25. Re7 Raa8 26. Nd4 Bg6
27. Re5 Qd7 28. Re7 Qa4 29. Qe5 Ra5 30. Qe3 Rd5 31. Ne6 Rc8 32. Nf4 Rd6 33. Qe5
Rcd8 34. Nh5 Qd4 35. Qxd4 Rxd4 36. Ng3 Rd2 37. h4 Rd1 38. Re8+ Rxe8 39. Rxd1
Rb8 40. h5 Rb1 1/2-1/2

[Event "Cto. Espana Selecciones Autonomicas"]
[Site "Padron"]
[Date "2006.10.07"]
[Round "5.5"]
[White "Llaneza Vega, Marcos"]
[Black "Rodriguez Calvo, Manoel"]
[Result "1-0"]
[WhiteElo "2381"]
[BlackElo "2154"]
[PlyCount "85"]
[EventDate "2006.10.??"]

1. e4 c5 2. Nc3 Nc6 3. Nf3 e5 4. Bc4 Be7 5. O-O Nf6 6. d3 d6 7. Ng5 O-O 8. f4
h6 9. Nf3 exf4 10. Bxf4 Be6 11. Bb5 Qb6 12. Bxc6 Qxc6 13. Qd2 Kh7 14. Kh1 d5
15. Ne5 Qc8 16. Qe1 d4 17. Ne2 Nh5 18. Nf3 Nxf4 19. Nxf4 g6 20. Qg3 Bf6 21.
Rae1 b6 22. e5 Be7 23. Nd2 Bf5 24. Nd5 Qd8 25. Qf3 Be6 26. Nf4 Bg5 27. Ne4 Bxf4
28. Qxf4 Qe7 29. Nf6+ Kg7 30. Rf3 Rh8 31. Qh4 Rac8 32. Rg3 Rc7 33. Qe4 Kf8 34.
Rf1 Rc8 35. Rxg6 fxg6 36. Nd5+ Qf7 37. Rxf7+ Kxf7 38. Qf4+ Ke8 39. Qf6 Bxd5 40.
Qxh8+ Kd7 41. Qg7+ Ke6 42. Qf6+ Kd7 43. Qd6+ 1-0

[Event "Cto. Espana Selecciones Autonomicas"]
[Site "Padron"]
[Date "2006.10.07"]
[Round "5.5"]
[White "Pazos Porta, Antonio"]
[Black "Andres Gonzalez, Ivan"]
[Result "0-1"]
[WhiteElo "2142"]
[BlackElo "2367"]
[PlyCount "88"]
[EventDate "2006.10.??"]

1. e4 c6 2. d4 d5 3. exd5 cxd5 4. Bd3 Nc6 5. c3 Nf6 6. Bf4 g6 7. Qb3 Bg7 8. Nf3
O-O 9. O-O Nh5 10. Bg3 Nxg3 11. hxg3 Qd6 12. Nbd2 Rb8 13. Rfe1 b5 14. Qc2 f6
15. Rad1 Be6 16. Nb3 Bf7 17. Qe2 a6 18. Bb1 Ra8 19. Nc5 e5 20. b4 e4 21. Nd2
Rfb8 22. a4 f5 23. Nf1 a5 24. axb5 Na7 25. b6 Rxb6 26. bxa5 Rbb8 27. Qa2 Nb5
28. Rc1 Nxc3 29. Qd2 Nb5 30. Nb3 Na3 31. Nc5 Nc4 32. Qf4 Qxf4 33. gxf4 Bxd4 34.
Na4 Rxa5 35. Bc2 Bf6 36. Rb1 Rc8 37. Bb3 Na3 38. Rbc1 Rb8 39. Bd1 Be8 40. Nc5
Bb2 41. Nb3 Bxc1 42. Nxa5 Bxf4 43. Ne3 d4 44. Nd5 Bd2 0-1

[Event "Cto. Espana Selecciones Autonomicas"]
[Site "Padron"]
[Date "2006.10.07"]
[Round "5.5"]
[White "Vigil Alvarez, Luis"]
[Black "Senlle Caride, Miguel"]
[Result "1-0"]
[WhiteElo "2324"]
[BlackElo "2084"]
[PlyCount "79"]
[EventDate "2006.10.??"]

1. d4 Nf6 2. Bg5 Ne4 3. Bf4 c5 4. f3 Qa5+ 5. c3 Nf6 6. Nd2 cxd4 7. Nb3 Qb6 8.
Qxd4 Qxd4 9. cxd4 d5 10. Rc1 Nc6 11. e3 e6 12. a3 Be7 13. Bb5 Bd7 14. Nc5 Nh5
15. Ne2 Nxf4 16. Nxf4 a6 17. Nxa6 Rxa6 18. Bxa6 bxa6 19. Nd3 O-O 20. Nc5 Bxc5
21. Rxc5 a5 22. b3 Rb8 23. Rc3 a4 24. b4 e5 25. dxe5 Nxe5 26. O-O Rc8 27. Rxc8+
Bxc8 28. Rc1 Nc4 29. e4 Be6 30. exd5 Bxd5 31. Rd1 Nb6 32. Kf2 Kf8 33. Ke3 Bb3
34. Rd8+ Ke7 35. Rb8 Nc4+ 36. Kd4 Nxa3 37. Kc5 Bc4 38. b5 Bb3 39. b6 Kd7 40.
Ra8 1-0

[Event "Cto. Espana Selecciones Autonomicas"]
[Site "Padron"]
[Date "2006.10.07"]
[Round "5.5"]
[White "Devesa Raris, Lorena"]
[Black "Fidalgo Fernandez, Javier"]
[Result "0-1"]
[WhiteElo "1756"]
[BlackElo "2243"]
[PlyCount "58"]
[EventDate "2006.10.??"]

1. e4 c5 2. Nc3 e6 3. d3 Nc6 4. g3 Nge7 5. Bg2 d5 6. f4 d4 7. Nce2 e5 8. fxe5
Nxe5 9. Nf4 N7c6 10. Nf3 Bd6 11. O-O Bg4 12. Nd5 O-O 13. Qe1 Qd7 14. Nh4 Rae8
15. Nf5 Bxf5 16. Rxf5 Qxf5 17. exf5 Nf3+ 18. Bxf3 Rxe1+ 19. Kf2 Ree8 20. f6 Re6
21. fxg7 Kxg7 22. Be4 f5 23. Bf3 Ne7 24. Nf4 Bxf4 25. Bxf4 b6 26. a4 Ng6 27.
Bd2 Ne5 28. Bg2 Ng4+ 29. Kg1 Re2 0-1

[Event "Cto. Espana Selecciones Autonomicas"]
[Site "Padron"]
[Date "2006.10.07"]
[Round "5.5"]
[White "Fidalgo Fernandez, Lucia"]
[Black "Lorenzo Serrano, Henar"]
[Result "1-0"]
[WhiteElo "2079"]
[BlackElo "1688"]
[PlyCount "25"]
[EventDate "2006.10.??"]

1. e4 d5 2. exd5 Nf6 3. d4 Bg4 4. Nf3 Qxd5 5. Be2 Nc6 6. c4 Qh5 7. Be3 O-O-O 8.
Nbd2 Qa5 9. O-O Bxf3 10. Nxf3 Qf5 11. d5 e6 12. Bd3 Qh5 13. dxc6 1-0